| 000 | 00381cam a2200145Ia 4500 | ||
|---|---|---|---|
| 020 | _a082482010X | ||
| 020 | _a9780824820107 | ||
| 040 | _cVYF | ||
| 082 | 0 | 0 | _a919 THE 1998 C154 Or. |
| 245 | 0 | 2 | _aA Guide to old Kona / |
| 260 |
_aKalukalu, Hawai'i : _bThe Society, _cc1998. |
||
| 300 |
_aviii, 72 p. : _bill., maps ; _c23 cm. |
||
| 710 | 2 | _aKona Historical Society. | |
| 942 | _cAEDBB | ||
| 999 |
_c18919 _d18919 |
||